आधुनिक साहित्य और रामविलास शर्मा / (Record no. 1014278)

MARC details
000 -LEADER
fixed length control field 00928nam a2200265Ia 4500
003 - CONTROL NUMBER IDENTIFIER
control field OSt
005 - DATE AND TIME OF LATEST TRANSACTION
control field 20251015112426.0
008 - FIXED-LENGTH DATA ELEMENTS--GENERAL INFORMATION
fixed length control field 221004b |||||||| |||| 00| 0 hin d
020 ## - INTERNATIONAL STANDARD BOOK NUMBER
International Standard Book Number 8185999422 (hbk)
037 ## - SOURCE OF ACQUISITION
Terms of availability Textual
040 ## - CATALOGING SOURCE
Original cataloging agency CRL
Transcribing agency CRL
Language of cataloging hin
041 ## - LANGUAGE CODE
Source of code hin
Language code of text/sound track or separate title hin
084 ## - COLON CLASSIFICATION NUMBER
Classification number O152,6N12:g, P2
100 ## - MAIN ENTRY--PERSONAL NAME
Personal name सुधा सिंह
9 (RLIN) 848361
245 #0 - TITLE STATEMENT
Title आधुनिक साहित्य और रामविलास शर्मा /
246 ## - VARYING FORM OF TITLE
Title proper/short title Ādhunik sāhitya aur rāmavilās sharmā
260 ## - PUBLICATION, DISTRIBUTION, ETC.
Place of publication, distribution, etc. दिल्ली, भारत:
Name of publisher, distributor, etc. स्वराज प्रकाशन,
Date of publication, distribution, etc. 2002.
300 ## - PHYSICAL DESCRIPTION
Extent 255पृ0
Dimensions cm.
942 ## - ADDED ENTRY ELEMENTS (KOHA)
Classification part O152,6N12:g, P2
Koha item type Textual
Source of classification or shelving scheme Colon Classification (CC)
Suppress in OPAC No
Holdings
Withdrawn status Lost status Damaged status Not for loan Home library Current library Date acquired Source of acquisition Cost, normal purchase price Total Checkouts Full call number Barcode Date last seen Cost, replacement price Price effective from Koha item type Date due Date last checked out
        Central Library Arts Library 2022-10-05 370, 04/03/2010, Swaraj Prakashan 350.00 1 O152,6N12:g P2 AL1343245 2026-04-02 350.00 2022-10-05 Textual 2026-04-16 2026-04-02
        Central Library Central Library 2022-10-05 370, 04/03/2010, Swaraj Prakashan 350.00   O152,6N12:g P2 AL1337935 2022-10-05 350.00 2022-10-05 Textual    
        Central Library Central Library 2022-10-05 370, 04/03/2010, Swaraj Prakashan 350.00   O152,6N12:g P2 AL1345927 2022-10-05 350.00 2022-10-05 Textual    
        Central Library Central Library 2022-10-05 Gift, 30/05/2019,     O152,6N12:g P2 CL1172748 2022-10-05   2022-10-05 Textual    
        Central Library Central Library 2022-10-05 370, 04/03/2010, Swaraj Prakashan 350.00 2 O152,6N12:g P2 CL1451945 2026-01-07 350.00 2022-10-05 Textual 2025-01-06 2026-01-07
Copyright @ Delhi University Library System